|
|
|
|
| LEADER |
00785nam a2200205Ia 4500 |
| 001 |
CTU_129768 |
| 008 |
210402s9999 xx 000 0 und d |
| 082 |
|
|
|a 333.784
|
| 082 |
|
|
|b A678
|
| 245 |
|
0 |
|a Are coastal zone management and economic development complementary in Sri Lanka? :
|
| 245 |
|
0 |
|b Proceedings of the seminar on coastal zone management and economic development, Colombo, Sri Lanka, March 19, 1993
|
| 245 |
|
0 |
|c Edited by Alan T. White and Mervyn Wijeratne
|
| 260 |
|
|
|a Sri Lanka
|
| 260 |
|
|
|b Coastal Conservation Department
|
| 260 |
|
|
|c 1993
|
| 650 |
|
|
|a Coastal zone management,Global warning,Climatic changes
|
| 650 |
|
|
|x Congresses,Congresses,Congresses
|
| 650 |
|
|
|z Sri Lanka
|
| 904 |
|
|
|i Giang
|
| 980 |
|
|
|a Trung tâm Học liệu Trường Đại học Cần Thơ
|